[Event "V4 OPEN - International Championship of Slovakia 2
[Site "Banska Stiavnica"]
[Date "2013.07.06"]
[Round "1"]
[Board "27"]
[White "Haring, Viktor"]
[Black "Kantorik, Marian"]
[Result "0-1"]
[WhiteElo "2060"]
[BlackElo "2331"]
[PlyCount "0"]
[EventDate "2013.07.06"]
[EventRounds "9"]
[EventCountry "SVK"]

1. e4 {[%clk 1:19:52]} e5 {[%clk 1:30:09]} 2. Nf3 {[%clk 1:20:10]} Nc6
{[%clk 1:30:30]} 3. Bb5 {[%clk 1:20:23]} a6 {[%clk 1:30:47]} 4. Ba4
{[%clk 1:20:35]} d6 {[%clk 1:31:07]} 5. O-O {[%clk 1:19:35]} Bd7 {[%clk 1:31:28]}
6. c3 {[%clk 1:19:46]} Nge7 {[%clk 1:31:49]} 7. Re1 {[%clk 1:19:56]} Ng6
{[%clk 1:32:04]} 8. d4 {[%clk 1:19:33]} Be7 {[%clk 1:32:16]} 9. Nbd2
{[%clk 1:18:38]} h6 {[%clk 1:32:31]} 10. Nf1 {[%clk 1:17:40]} Bg5
{[%clk 1:32:50]} 11. Ng3 {[%clk 1:15:54]} Bxc1 {[%clk 1:33:03]} 12. Rxc1
{[%clk 1:15:19]} O-O {[%clk 1:32:42]} 13. Bb3 {[%clk 1:13:29]} Nce7
{[%clk 1:26:11]} 14. Qd2 {[%clk 1:07:31]} Bg4 {[%clk 1:23:21]} 15. Qe3
{[%clk 1:04:35]} Qc8 {[%clk 1:23:29]} 16. h3 {[%clk 0:58:58]} Be6
{[%clk 1:22:10]} 17. Nh5 {[%clk 0:51:27]} Bxb3 {[%clk 1:12:14]} 18. axb3
{[%clk 0:51:28]} Qe6 {[%clk 1:11:38]} 19. c4 {[%clk 0:47:48]} Rae8
{[%clk 1:06:35]} 20. d5 {[%clk 0:43:12]} Qd7 {[%clk 1:06:48]} 21. g4
{[%clk 0:41:31]} f5 {[%clk 1:04:22]} 22. exf5 {[%clk 0:31:58]} Nxf5
{[%clk 1:02:22]} 23. Qe4 {[%clk 0:23:56]} Nfh4 {[%clk 1:01:00]} 24. Nxh4
{[%clk 0:21:59]} Nxh4 {[%clk 1:01:26]} 25. Rc3 {[%clk 0:19:39]} Qf7
{[%clk 1:00:55]} 26. Re2 {[%clk 0:19:34]} g6 {[%clk 0:55:34]} 27. Ng3
{[%clk 0:19:42]} Re7 {[%clk 0:54:50]} 28. Qe3 {[%clk 0:18:19]} Qg7
{[%clk 0:49:28]} 29. Ne4 {[%clk 0:16:45]} Ref7 {[%clk 0:44:23]} 30. Qg3
{[%clk 0:15:09]} g5 {[%clk 0:40:04]} 31. Ree3 {[%clk 0:14:38]} Qg6
{[%clk 0:40:08]} 32. c5 {[%clk 0:10:09]} Rf4 {[%clk 0:39:32]} 33. cxd6
{[%clk 0:09:09]} cxd6 {[%clk 0:39:11]} 34. Nd2 {[%clk 0:08:19]} Rd4
{[%clk 0:34:53]} 35. Red3 {[%clk 0:07:57]} Rdf4 {[%clk 0:34:11]} 36. Qe3
{[%clk 0:05:15]} e4 {[%clk 0:28:52]} 37. Rd4 {[%clk 0:05:01]} Rxf2
{[%clk 0:27:38]} 38. Qxf2 {[%clk 0:04:37]} Rxf2 {[%clk 0:27:59]} 39. Kxf2
{[%clk 0:05:05]} Qf6+ {[%clk 0:25:28]} 40. Ke3 {[%clk 0:05:16]} Ng2+
{[%clk 0:25:17]} 41. Kxe4 {[%clk 0:05:36]} Qe5+ {[%clk 0:25:41]} 42. Kd3
{[%clk 0:05:50]} Ne1+ {[%clk 0:26:05]} 43. Kc4 {[%clk 0:06:09]} b5+
{[%clk 0:26:28]} 44. Kb4 {[%clk 0:06:23]} Qxd4+ {[%clk 0:26:51]} 0-1

[Event "V4 OPEN - International Championship of Slovakia 2
[Site "Banska Stiavnica"]
[Date "2013.07.06"]
[Round "1"]
[Board "28"]
[White "Kocetkova, Julia"]
[Black "Edes, Zsofia"]
[Result "1-0"]
[WhiteElo "2328"]
[BlackElo "2059"]
[PlyCount "0"]
[EventDate "2013.07.06"]
[EventRounds "9"]
[EventCountry "SVK"]

1. e4 {[%clk 1:30:58]} e5 {[%clk 1:28:03]} 2. Nf3 {[%clk 1:31:19]} Nc6
{[%clk 1:28:28]} 3. Bc4 {[%clk 1:31:36]} Bc5 {[%clk 1:27:08]} 4. O-O
{[%clk 1:30:41]} Nf6 {[%clk 1:16:56]} 5. d4 {[%clk 1:29:58]} Bxd4
{[%clk 1:06:40]} 6. Nxd4 {[%clk 1:30:22]} Nxd4 {[%clk 1:06:27]} 7. f4
{[%clk 1:30:46]} d6 {[%clk 1:05:58]} 8. fxe5 {[%clk 1:30:42]} dxe5
{[%clk 1:06:17]} 9. Bg5 {[%clk 1:31:01]} Bg4 {[%clk 0:28:04]} 10. Bxf7+
{[%clk 1:05:00]} Kxf7 {[%clk 0:20:10]} 11. Qxg4 {[%clk 1:02:30]} Nxc2
{[%clk 0:16:52]} 12. Nc3 {[%clk 1:00:33]} h5 {[%clk 0:12:51]} 13. Qh4
{[%clk 0:57:49]} Nxa1 {[%clk 0:04:55]} 14. Nd5 {[%clk 0:56:58]} Ke6
{[%clk 0:00:56]} 15. Bxf6 {[%clk 0:56:50]} Qd7 {[%clk 0:00:31]} 16. Qh3+
{[%clk 0:56:58]} Kd6 {[%clk 0:00:58]} 17. Bxe5+ {[%clk 0:57:15]} Kc6
{[%clk 0:01:19]} 18. Rc1+ {[%clk 0:57:35]} 1-0

[Event "V4 OPEN - International Championship of Slovakia 2
[Site "Banska Stiavnica"]
[Date "2013.07.06"]
[Round "1"]
[Board "29"]
[White "Tropp, Oliver"]
[Black "Petran, Peter"]
[Result "1/2-1/2"]
[WhiteElo "2059"]
[BlackElo "2324"]
[PlyCount "0"]
[EventDate "2013.07.06"]
[EventRounds "9"]
[EventCountry "SVK"]

1. c4 {[%clk 1:29:49]} g6 {[%clk 1:30:53]} 2. Nc3 {[%clk 1:29:55]} c5
{[%clk 1:30:45]} 3. g3 {[%clk 1:29:32]} Bg7 {[%clk 1:31:07]} 4. Bg2
{[%clk 1:29:28]} Nc6 {[%clk 1:31:23]} 5. e3 {[%clk 1:28:59]} e5 {[%clk 1:31:10]}
6. Nge2 {[%clk 1:27:39]} Nge7 {[%clk 1:31:33]} 7. O-O {[%clk 1:27:09]} d6
{[%clk 1:31:36]} 8. d4 {[%clk 1:10:05]} exd4 {[%clk 1:31:37]} 9. exd4
{[%clk 1:10:27]} cxd4 {[%clk 1:31:45]} 10. Nb5 {[%clk 1:09:20]} Bg4
{[%clk 1:31:40]} 11. f3 {[%clk 1:04:13]} Be6 {[%clk 1:31:31]} 12. Nexd4
{[%clk 1:00:38]} Nxd4 {[%clk 1:14:45]} 13. Nxd4 {[%clk 0:56:38]} Bxc4
{[%clk 1:11:18]} 14. Qa4+ {[%clk 0:48:05]} b5 {[%clk 1:11:25]} 15. Nxb5
{[%clk 0:47:51]} Bxf1 {[%clk 1:11:07]} 16. Nxd6+ {[%clk 0:39:58]} Kf8
{[%clk 1:11:09]} 17. Qf4 {[%clk 0:40:22]} Bc4 {[%clk 1:06:57]} 18. Nxc4
{[%clk 0:37:56]} Qd4+ {[%clk 1:06:36]} 19. Be3 Qxf4 {[%clk 1:06:58]} 20. Bxf4
{[%clk 0:35:54]} Bd4+ {[%clk 1:06:54]} 21. Kh1 {[%clk 0:31:39]} Kg7
{[%clk 1:07:09]} 22. Rd1 {[%clk 0:28:45]} Bf6 {[%clk 1:07:06]} 23. Bh3
{[%clk 0:23:35]} Rhd8 {[%clk 1:03:25]} 24. Nd6 {[%clk 0:20:19]} Bxb2
{[%clk 0:48:07]} 25. Bh6+ {[%clk 0:19:59]} Kg8 {[%clk 0:44:52]} 26. Bg5
{[%clk 0:19:21]} Nc6 {[%clk 0:31:15]} 27. Bxd8 {[%clk 0:18:30]} Rxd8
{[%clk 0:31:39]} 28. Rb1 Be5 {[%clk 0:22:25]} 29. Nc4 {[%clk 0:17:31]} Bf6
{[%clk 0:22:47]} 30. Bf1 {[%clk 0:17:12]} 1/2-1/2

[Event "V4 OPEN - International Championship of Slovakia 2
[Site "Banska Stiavnica"]
[Date "2013.07.06"]
[Round "1"]
[Board "30"]
[White "Korpa, Bence"]
[Black "Fiala, Jan"]
[Result "1-0"]
[WhiteElo "2308"]
[BlackElo "2055"]
[PlyCount "0"]
[EventDate "2013.07.06"]
[EventRounds "9"]
[EventCountry "SVK"]

1. e4 {[%clk 1:30:56]} e5 {[%clk 1:30:51]} 2. Nf3 {[%clk 1:31:19]} Nc6
{[%clk 1:31:14]} 3. Bb5 {[%clk 1:31:38]} a6 {[%clk 1:31:35]} 4. Ba4
{[%clk 1:32:00]} Nf6 {[%clk 1:31:55]} 5. O-O {[%clk 1:32:14]} Be7
{[%clk 1:32:15]} 6. d3 {[%clk 1:32:24]} b5 {[%clk 1:32:11]} 7. Bb3
{[%clk 1:32:46]} d6 {[%clk 1:32:24]} 8. a4 {[%clk 1:32:53]} b4 {[%clk 1:29:45]}
9. a5 {[%clk 1:32:46]} O-O {[%clk 1:28:26]} 10. Nbd2 {[%clk 1:30:32]} Nb8
{[%clk 1:25:23]} 11. Nc4 {[%clk 1:27:30]} Nbd7 {[%clk 1:25:00]} 12. c3
{[%clk 1:14:06]} bxc3 {[%clk 1:25:00]} 13. bxc3 {[%clk 1:14:29]} Rb8
{[%clk 1:17:08]} 14. Bc2 {[%clk 1:13:26]} Bb7 {[%clk 1:11:15]} 15. Re1
{[%clk 1:08:53]} Nc5 {[%clk 1:04:42]} 16. Ba3 {[%clk 0:58:43]} Ne6
{[%clk 1:02:36]} 17. d4 {[%clk 0:56:22]} exd4 {[%clk 0:59:55]} 18. Nxd4
{[%clk 0:55:40]} Nxd4 {[%clk 0:52:14]} 19. cxd4 {[%clk 0:55:25]} d5
{[%clk 0:52:12]} 20. e5 {[%clk 0:53:44]} Nd7 {[%clk 0:34:01]} 21. Ne3
{[%clk 0:52:26]} g6 {[%clk 0:23:23]} 22. Ng4 {[%clk 0:49:54]} Bxa3
{[%clk 0:14:51]} 23. Rxa3 {[%clk 0:48:19]} Qe7 {[%clk 0:13:01]} 24. Rae3
{[%clk 0:44:53]} Rbe8 {[%clk 0:11:00]} 25. Ba4 {[%clk 0:41:53]} c6
{[%clk 0:10:48]} 26. Nf6+ {[%clk 0:40:38]} Nxf6 {[%clk 0:10:58]} 27. exf6
{[%clk 0:41:03]} Qd8 {[%clk 0:10:23]} 28. Re7 {[%clk 0:41:18]} Qc8
{[%clk 0:09:30]} 29. Qd2 {[%clk 0:40:15]} Rxe7 {[%clk 0:08:56]} 30. Rxe7
{[%clk 0:40:35]} 1-0

[Event "V4 OPEN - International Championship of Slovakia 2
[Site "Banska Stiavnica"]
[Date "2013.07.06"]
[Round "1"]
[Board "32"]
[White "Ruckschloss, Karol"]
[Black "Sturc, Gustav"]
[Result "1/2-1/2"]
[WhiteElo "2283"]
[BlackElo "2047"]
[PlyCount "56"]
[EventDate "2013.07.06"]
[EventRounds "9"]
[EventCountry "SVK"]

1. c4 Nf6 2. d4 c5 3. d5 e6 4. Nc3 exd5 5. cxd5 d6 6. e4 g6 7. Bd3 Bg7 8. f4
O-O 9. Nf3 Na6 10. O-O Bg4 11. h3 Bxf3 12. Qxf3 Nb4 13. Bb1 Rb8 14. a3 Na6 15.
e5 dxe5 16. fxe5 Nd7 17. Bf4 Bxe5 18. Bxe5 Nxe5 19. Qf4 Nd7 20. Ne4 c4 21. Qh6
Qb6+ 22. Rf2 Qd4 23. Bc2 Qg7 24. Qe3 b6 25. Ba4 Nac5 26. Bxd7 Nxd7 27. Rc1 f5
28. Nd6 Qe5 1/2-1/2

[Event "V4 OPEN - International Championship of Slovakia 2
[Site "Banska Stiavnica"]
[Date "2013.07.06"]
[Round "1"]
[Board "33"]
[White "Jurcisin, Imrich"]
[Black "Vojtek, Vladimir"]
[Result "0-1"]
[WhiteElo "2046"]
[BlackElo "2278"]
[PlyCount "100"]
[EventDate "2013.07.06"]
[EventRounds "9"]
[EventCountry "SVK"]

1. e4 c5 2. Nf3 d6 3. d4 cxd4 4. Nxd4 Nf6 5. Nc3 a6 6. Be2 e5 7. Nb3 Be7 8. O-O
O-O 9. f4 b5 10. Bf3 Bb7 11. Qe1 Nbd7 12. Qg3 b4 13. fxe5 Nxe5 14. Nd5 Nxd5 15.
exd5 Rc8 16. Be4 Bh4 17. Qh3 Rc4 18. Nd2 Bc8 19. Qb3 Qb6+ 20. Kh1 Rc7 21. Nf3
Nxf3 22. Qxf3 f5 23. Be3 Qb7 24. Rad1 Re7 25. Bd3 Bf6 26. Bf4 Qb6 27. Qg3 Be5
28. Qh4 Bf6 29. Qg3 Be5 30. Qh4 Ree8 31. b3 a5 32. Qg5 Bxf4 33. Rxf4 Qe3 34.
Rdf1 g6 35. g4 Bb7 36. Bc4 Qe5 37. gxf5 Bxd5+ 38. Bxd5+ Qxd5+ 39. Kg1 Re5 40.
Qg3 Qc5+ 41. Kg2 Qxc2+ 42. R1f2 Qc6+ 43. Kh3 Qd5 44. fxg6 Rh5+ 45. Rh4 Rxh4+
46. Qxh4 Rf3+ 47. Rxf3 Qxf3+ 48. Qg3 Qxg3+ 49. Kxg3 hxg6 50. Kf4 Kf7 0-1

[Event "V4 OPEN - International Championship of Slovakia 2
[Site "Banska Stiavnica"]
[Date "2013.07.06"]
[Round "1"]
[Board "34"]
[White "Borosova, Zuzana"]
[Black "Hladik, Lumir"]
[Result "1-0"]
[WhiteElo "2265"]
[BlackElo "2045"]
[PlyCount "89"]
[EventDate "2013.07.06"]
[EventRounds "9"]
[EventCountry "SVK"]

1. e4 c6 2. Nc3 d5 3. Nf3 Bg4 4. h3 Bxf3 5. Qxf3 Nf6 6. Be2 dxe4 7. Nxe4 Nxe4
8. Qxe4 Qd5 9. Qg4 Nd7 10. O-O Nf6 11. Qb4 Qd7 12. d3 e6 13. Qh4 Be7 14. Qg3
O-O-O 15. Be3 c5 16. b4 Bd6 17. Qf3 cxb4 18. Bxa7 Qc6 19. Rfc1 Qxf3 20. Bxf3
Bf4 21. Re1 Bd2 22. Re2 Bc3 23. Rb1 Bd4 24. Bxd4 Rxd4 25. Re5 Re8 26. Rb5 Nd5
27. Bxd5 exd5 28. Kf1 Kc7 29. a3 Ra8 30. Rc5+ Kb6 31. axb4 Ra4 32. c3 Rf4 33.
Rxd5 Ra2 34. f3 Rf6 35. Re1 Rb2 36. Re2 Rb1+ 37. Kf2 Rc6 38. Rd7 Rxc3 39. Ree7
Rb2+ 40. Kg3 Rcc2 41. Rxb7+ Ka6 42. Ra7+ Kb6 43. Reb7+ Kc6 44. Rc7+ Kb6 45.
Rxc2 1-0

[Event "V4 OPEN - International Championship of Slovakia 2
[Site "Banska Stiavnica"]
[Date "2013.07.06"]
[Round "1"]
[Board "35"]
[White "Marczuk, Dominik"]
[Black "Jarmula, Lukasz"]
[Result "1-0"]
[WhiteElo "2043"]
[BlackElo "2261"]
[PlyCount "103"]
[EventDate "2013.07.06"]
[EventRounds "9"]
[EventCountry "SVK"]

1. e4 e5 2. Nf3 Nc6 3. Bc4 Nf6 4. d3 Bd6 5. c3 O-O 6. O-O h6 7. Bb3 Re8 8. Nbd2
Bf8 9. Re1 d6 10. h3 Be6 11. d4 Bxb3 12. Qxb3 Rb8 13. a4 Nh5 14. d5 Ne7 15. Nf1
Nf4 16. Be3 Nc8 17. Kh2 Qd7 18. Ng1 a6 19. Qd1 Ne7 20. Qf3 Nd3 21. Reb1 Nc5 22.
Bxc5 dxc5 23. Ne3 b5 24. axb5 axb5 25. Ra6 Ra8 26. Rba1 Rxa6 27. Rxa6 Qc8 28.
Ra5 Qb7 29. Qg4 Qb6 30. Ra1 Qd6 31. b3 g6 32. Nf3 Bg7 33. c4 f5 34. Qh4 Rf8 35.
cxb5 fxe4 36. Ra6 Qd8 37. Qxe4 Rf4 38. Qc2 e4 39. Ra4 Qd6 40. Ra6 c6 41. Nc4
Qxd5 42. Ra8+ Kh7 43. b6 exf3 44. b7 fxg2 45. b8=Q Qg5 46. Kg1 Bd4 47. Ne3 Be5
48. Qa7 Re4 49. Ng4 Re1+ 50. Kxg2 Bd4 51. Qc4 Bg7 52. Qxe7 1-0

[Event "V4 OPEN - International Championship of Slovakia 2
[Site "Banska Stiavnica"]
[Date "2013.07.06"]
[Round "1"]
[Board "36"]
[White "Nemeth, Denes"]
[Black "Bakalar, Jan"]
[Result "1-0"]
[WhiteElo "2257"]
[BlackElo "2042"]
[PlyCount "91"]
[EventDate "2013.07.06"]
[EventRounds "9"]
[EventCountry "SVK"]

1. d4 Nf6 2. c4 e6 3. g3 d5 4. Bg2 c6 5. Qc2 Nbd7 6. Nf3 Bb4+ 7. Bd2 Qe7 8. O-O
Bxd2 9. Nbxd2 O-O 10. e4 dxe4 11. Nxe4 Nxe4 12. Qxe4 Qb4 13. b3 Nf6 14. Qe2 a5
15. Ne5 a4 16. Nd3 Qd6 17. Qe5 Rd8 18. Nc5 axb3 19. axb3 Rb8 20. Rfd1 Ne8 21.
Qe2 Qc7 22. Ra7 Qd6 23. Ne4 Qc7 24. Qh5 h6 25. Nc5 Qd6 26. Qf3 Nf6 27. h4 Nd7
28. Raa1 e5 29. Ne4 Qe7 30. d5 cxd5 31. Rxd5 Nf8 32. Rad1 Rxd5 33. Rxd5 Bd7 34.
Qc3 f6 35. Nd6 Bc6 36. Rd1 Bxg2 37. Kxg2 g6 38. h5 b6 39. hxg6 Nxg6 40. Qd3 Nf8
41. Qf5 Rd8 42. Qg4+ Kh7 43. Qe4+ Ng6 44. Nf5 Qe8 45. Rxd8 Qxd8 46. Qb7+ 1-0

[Event "V4 OPEN - International Championship of Slovakia 2
[Site "Banska Stiavnica"]
[Date "2013.07.06"]
[Round "1"]
[Board "37"]
[White "Laho, Maros"]
[Black "Mukashev, Assan"]
[Result "0-1"]
[WhiteElo "2029"]
[BlackElo "2247"]
[PlyCount "70"]
[EventDate "2013.07.06"]
[EventRounds "9"]
[EventCountry "SVK"]

1. d4 Nf6 2. Nf3 g6 3. c4 Bg7 4. Nc3 d5 5. cxd5 Nxd5 6. e4 Nxc3 7. bxc3 c5 8.
Rb1 O-O 9. Be3 Qa5 10. Qd2 a6 11. Bc4 Nc6 12. O-O cxd4 13. cxd4 Qxd2 14. Bxd2
Nxd4 15. Nxd4 Bxd4 16. Bd5 Ra7 17. Bb4 Re8 18. Rfd1 e5 19. Ba5 b5 20. Rbc1 Be6
21. Rc6 Bd7 22. Rd6 Rc8 23. Kf1 Rc2 24. Rxd4 exd4 25. Bb6 d3 26. Ke1 Bg4 27. f3
Rd7 28. Rf6 Be6 29. Rxe6 fxe6 30. Bxe6+ Rf7 31. g4 Rc6 32. Bxf7+ Kxf7 33. Bd4
Rc2 34. a3 Rxh2 35. e5 g5 0-1

[Event "V4 OPEN - International Championship of Slovakia 2
[Site "Banska Stiavnica"]
[Date "2013.07.06"]
[Round "1"]
[Board "38"]
[White "Peterson, Eric"]
[Black "Pereszlenyi, Gejza"]
[Result "1/2-1/2"]
[WhiteElo "2239"]
[BlackElo "2021"]
[PlyCount "60"]
[EventDate "2013.07.06"]
[EventRounds "9"]
[EventCountry "SVK"]

1. e4 c6 2. d4 d5 3. exd5 cxd5 4. c4 Nf6 5. Nc3 Nc6 6. Bg5 e6 7. c5 Be7 8. Bb5
Bd7 9. Nf3 O-O 10. O-O h6 11. Bxf6 Bxf6 12. Re1 g6 13. a3 a6 14. Bxc6 Bxc6 15.
b4 b6 16. Qd2 bxc5 17. bxc5 Kg7 18. Reb1 Rb8 19. Rxb8 Qxb8 20. Rb1 Qc8 21. Qb2
Bd8 22. Qb4 Bc7 23. Na4 a5 24. Qb3 Bxa4 25. Qxa4 Qa6 26. Qd7 Qd3 27. Re1 Bf4
28. h4 g5 29. hxg5 hxg5 30. Qa4 Rb8 1/2-1/2

[Event "V4 OPEN - International Championship of Slovakia 2
[Site "Banska Stiavnica"]
[Date "2013.07.06"]
[Round "1"]
[Board "39"]
[White "Turkova, Karolina"]
[Black "Zvarik, Martin"]
[Result "1-0"]
[WhiteElo "2018"]
[BlackElo "2235"]
[PlyCount "87"]
[EventDate "2013.07.06"]
[EventRounds "9"]
[EventCountry "SVK"]

1. e4 e5 2. Nf3 Nc6 3. Bb5 a6 4. Ba4 Nge7 5. O-O d6 6. c3 Ng6 7. d4 Bd7 8. Nbd2
Be7 9. Re1 O-O 10. Nf1 Bg4 11. d5 Nb8 12. Ne3 Bxf3 13. Qxf3 Bg5 14. Nf5 b5 15.
Bc2 Nd7 16. a4 Bxc1 17. Rexc1 Qg5 18. Qg3 Qd2 19. Qe3 Qxe3 20. Nxe3 Nf4 21. Kf1
Nc5 22. b4 Nd7 23. g3 Ng6 24. Bd3 Rfb8 25. Ra3 Nb6 26. axb5 axb5 27. Rca1 Rxa3
28. Rxa3 Na4 29. Bxb5 Nxc3 30. Rxc3 Rxb5 31. Rxc7 Rxb4 32. Rc8+ Nf8 33. Nf5 g6
34. Nxd6 f5 35. exf5 gxf5 36. Nxf5 Kf7 37. Nd6+ Ke7 38. Nc4 Ng6 39. d6+ Ke6 40.
Rc7 h5 41. Ke2 Rb8 42. Kd3 Nh8 43. Re7+ Kf6 44. Nxe5 1-0

[Event "V4 OPEN - International Championship of Slovakia 2
[Site "Banska Stiavnica"]
[Date "2013.07.06"]
[Round "1"]
[Board "40"]
[White "Nayhebaver, Martin"]
[Black "Karas, Marek"]
[Result "1/2-1/2"]
[WhiteElo "2228"]
[BlackElo "2017"]
[PlyCount "80"]
[EventDate "2013.07.06"]
[EventRounds "9"]
[EventCountry "SVK"]

1. e4 e6 2. d4 d5 3. Nd2 c5 4. Ngf3 Nc6 5. exd5 Qxd5 6. Bc4 Qd8 7. O-O cxd4 8.
Nb3 Nf6 9. Qe2 Be7 10. Rd1 Qc7 11. Nbxd4 Nxd4 12. Nxd4 a6 13. Bb3 b5 14. Bg5
O-O 15. Bh4 Bb7 16. Bg3 Qb6 17. c3 Bd5 18. Nf5 exf5 19. Bxd5 Rae8 20. Qf3 g6
21. Bf4 Nxd5 22. Rxd5 Rd8 23. Rad1 Rxd5 24. Rxd5 Rd8 25. Be3 Qc7 26. Qd1 Rd6
27. h3 Qd8 28. Rxd6 Qxd6 29. Qf3 Qe6 30. b3 Bf6 31. Bd4 Kg7 32. Bxf6+ Qxf6 33.
Qd3 Qe5 34. Kf1 b4 35. Qd4 Qxd4 36. cxd4 Kf6 37. Ke2 Ke6 38. f4 f6 39. h4 h5
40. Ke3 Kd6 1/2-1/2

[Event "V4 OPEN - International Championship of Slovakia 2
[Site "Banska Stiavnica"]
[Date "2013.07.06"]
[Round "1"]
[Board "41"]
[White "Wozniak, Mariola"]
[Black "Bombek, Peter"]
[Result "0-1"]
[WhiteElo "2016"]
[BlackElo "2227"]
[PlyCount "58"]
[EventDate "2013.07.06"]
[EventRounds "9"]
[EventCountry "SVK"]

1. e4 d5 2. exd5 Qxd5 3. Nc3 Qa5 4. d4 Nf6 5. Bc4 Nc6 6. Nge2 Bg4 7. Bd2 O-O-O
8. f3 Bf5 9. Nb5 Qb6 10. a4 a5 11. c3 e5 12. Bxf7 Bd3 13. Be3 Bxb5 14. axb5
Qxb5 15. Be6+ Kb8 16. Qb3 Qd3 17. Kf2 exd4 18. Nxd4 Nxd4 19. Bxd4 Qd2+ 20. Kg1
Rxd4 21. cxd4 Qxd4+ 22. Kf1 Bc5 23. Qc2 Rd8 24. Re1 Bb4 25. Rc1 Qb6 26. Rd1
Rxd1+ 27. Qxd1 Qxe6 28. Qd8+ Ka7 29. Qxc7 Qe1# 0-1

[Event "V4 OPEN - International Championship of Slovakia 2
[Site "Banska Stiavnica"]
[Date "2013.07.06"]
[Round "1"]
[Board "42"]
[White "Juhar, Roman"]
[Black "Ondras, Juraj"]
[Result "1-0"]
[WhiteElo "2213"]
[BlackElo "2016"]
[PlyCount "133"]
[EventDate "2013.07.06"]
[EventRounds "9"]
[EventCountry "SVK"]

1. d4 Nf6 2. c4 e6 3. Nf3 Bb4+ 4. Bd2 Qe7 5. a3 Bxd2+ 6. Qxd2 b6 7. Nc3 Bb7 8.
Qf4 d6 9. e4 O-O 10. Bd3 Nh5 11. Qe3 e5 12. dxe5 dxe5 13. Nd5 Bxd5 14. cxd5 c5
15. Qg5 Qxg5 16. Nxg5 a6 17. Rc1 Nd7 18. a4 Nhf6 19. Ke2 Ne8 20. g3 Nd6 21. f4
Rfe8 22. f5 b5 23. b3 bxa4 24. bxa4 Reb8 25. Rb1 c4 26. Bc2 a5 27. Kd2 Rb4 28.
Rhe1 Nc5 29. Ra1 Rab8 30. Kc3 Nb3 31. Ra2 Nd4 32. Re3 h6 33. Nh3 Nxc2 34. Kxc2
Rb1 35. Nf2 R1b3 36. Re2 R8b4 37. Nd1 Rd3 38. Rb2 Rxb2+ 39. Nxb2 Rd4 40. Nd1
Nxe4 41. Nc3 Nxc3 42. Kxc3 f6 43. Rb2 Rxd5 44. Rb5 Rd1 45. Rxa5 Rc1+ 46. Kb2
Rh1 47. Rc5 Rxh2+ 48. Ka3 Rh3 49. a5 Rxg3+ 50. Ka4 Rg1 51. a6 Ra1+ 52. Kb5 Kh7
53. Rxc4 Rxa6 54. Kxa6 h5 55. Rc3 Kh6 56. Rg3 h4 57. Rg6+ Kh5 58. Kb5 h3 59.
Rxg7 Kh4 60. Rg6 h2 61. Rxf6 Kg5 62. Rg6+ Kxf5 63. Rh6 Ke4 64. Kc4 Ke3 65. Rxh2
e4 66. Kc3 Kf3 67. Kd2 1-0

[Event "V4 OPEN - International Championship of Slovakia 2
[Site "Banska Stiavnica"]
[Date "2013.07.06"]
[Round "1"]
[Board "43"]
[White "Holeczy, Martin"]
[Black "Peitl, Tomas"]
[Result "0-1"]
[WhiteElo "2015"]
[BlackElo "2211"]
[PlyCount "137"]
[EventDate "2013.07.06"]
[EventRounds "9"]
[EventCountry "SVK"]

1. d4 d5 2. c4 Nc6 3. Nf3 Bg4 4. Nc3 e6 5. cxd5 exd5 6. Bf4 Bxf3 7. exf3 Nf6 8.
Bb5 a6 9. Ba4 Be7 10. O-O O-O 11. Rc1 Na5 12. Bc2 Nc4 13. Rb1 Re8 14. Qd3 c6
15. Rfe1 g6 16. g4 Bf8 17. Red1 Bg7 18. Kg2 Nd7 19. Bc1 Nf8 20. b3 Nd6 21. Be3
Ne6 22. Ne2 Qf6 23. Qd2 Nb5 24. Rbc1 Qe7 25. a4 Nbc7 26. Re1 Qd6 27. Rcd1 Rf8
28. Ng3 Rae8 29. f4 Nd8 30. f5 c5 31. dxc5 Qc6 32. Bd4 Bxd4 33. Qxd4 Rxe1 34.
Rxe1 Re8 35. Rh1 Qd7 36. h4 Nc6 37. Qf4 d4 38. Bd3 Ne5 39. Rd1 Qd5+ 40. Be4
Qxc5 41. Bxb7 d3 42. b4 Qb6 43. Bf3 Nxf3 44. Qxf3 Qxb4 45. Qc6 Qb3 46. Rd2 Qd5+
47. Qxd5 Nxd5 48. Kf3 Nb4 49. Ne4 Re5 50. f6 h5 51. g5 Rd5 52. Rb2 a5 53. Ke3
Kf8 54. Kd2 Ke8 55. f3 Kd7 56. Rb3 Rf5 57. Ke3 Ke6 58. Rb1 Ke5 59. Rf1 Rf4 60.
Rh1 Nd5+ 61. Kf2 Kd4 62. Nd6 d2 63. Ke2 Kc3 64. Ne4+ Kc2 65. Nxd2 Rxa4 66. Ne4
Rd4 67. Ra1 a4 68. Nc5 Rxh4 69. Ra3 0-1

[Event "V4 OPEN - International Championship of Slovakia 2
[Site "Banska Stiavnica"]
[Date "2013.07.06"]
[Round "1"]
[Board "44"]
[White "Puskar, Jan"]
[Black "Jandl, Vojtech"]
[Result "1-0"]
[WhiteElo "2014"]
[BlackElo "1837"]
[PlyCount "83"]
[EventDate "2013.07.06"]
[EventRounds "9"]
[EventCountry "SVK"]

1. d4 d5 2. Nf3 Nf6 3. c4 e6 4. Nc3 c6 5. Bg5 Nbd7 6. e3 Qa5 7. Nd2 Bb4 8. Qc2
dxc4 9. Bxf6 Nxf6 10. Nxc4 Qc7 11. Bd3 c5 12. O-O Bxc3 13. bxc3 Bd7 14. Rac1
O-O 15. e4 Bb5 16. e5 Bxc4 17. Bxc4 Nd7 18. f4 cxd4 19. cxd4 Rac8 20. Qb2 Qd8
21. Bb3 Rxc1 22. Rxc1 Nb6 23. Qf2 Qd7 24. h3 Rd8 25. Rd1 Nd5 26. Qf3 Qc6 27. f5
exf5 28. Qxf5 Qg6 29. Qxg6 hxg6 30. Bxd5 Rxd5 31. Kf2 Kf8 32. Ke3 Ke7 33. Ke4
Ke6 34. Rb1 Rd7 35. Rb5 b6 36. d5+ Ke7 37. Rb2 f6 38. Rc2 Rb7 39. Rc8 fxe5 40.
Kxe5 b5 41. Rc6 Kf7 42. d6 1-0

[Event "V4 OPEN - International Championship of Slovakia 2
[Site "Banska Stiavnica"]
[Date "2013.07.06"]
[Round "1"]
[Board "45"]
[White "Laho, Lukas"]
[Black "Snider, Lukas"]
[Result "1/2-1/2"]
[WhiteElo "1835"]
[BlackElo "2004"]
[PlyCount "139"]
[EventDate "2013.07.06"]
[EventRounds "9"]
[EventCountry "SVK"]

1. d4 d5 2. Nf3 Nf6 3. e3 Bg4 4. Bd3 c5 5. b3 Nc6 6. Bb2 e6 7. Nbd2 cxd4 8.
exd4 Bd6 9. O-O O-O 10. a3 Nh5 11. h3 Bxf3 12. Nxf3 Nf4 13. c4 Nxd3 14. Qxd3
Qf6 15. cxd5 exd5 16. Qb5 Rfd8 17. Rac1 Ne7 18. Ne5 a6 19. Qd3 Qf4 20. g3 Qh6
21. Kg2 f6 22. Ng4 Qg5 23. f4 Qf5 24. Qxf5 Nxf5 25. Rfe1 Re8 26. Kf3 Kf7 27. h4
Re4 28. Rxe4 dxe4+ 29. Kf2 Re8 30. Ne3 Nxe3 31. Kxe3 f5 32. Rc4 Kg6 33. Rc1 Kh5
34. Kf2 Kg4 35. Re1 Rc8 36. Re2 a5 37. Kg2 g6 38. Kf2 Rc6 39. Kg2 h5 40. Kf2
Rc8 41. Kg2 Re8 42. Re3 Bc7 43. Re2 Bb6 44. a4 Rd8 45. Bc3 Rc8 46. Bb2 Rc7 47.
Rd2 Re7 48. Re2 Rd7 49. Bc3 Bd8 50. Bb2 Rd5 51. Rc2 Rd6 52. Re2 Bf6 53. Bc3 Bd8
54. Rd2 Rc6 55. Ba1 Rb6 56. Rb2 Bf6 57. Rb1 Rc6 58. Rf1 e3 59. Kh1 Kxg3 60. d5
Rc2 61. Bxf6 Rh2+ 62. Kg1 Rg2+ 63. Kh1 Rh2+ 64. Kg1 Rg2+ 65. Kh1 e2 66. Rc1
Rh2+ 67. Kg1 Rg2+ 68. Kh1 Rh2+ 69. Kg1 Rg2+ 70. Kh1 1/2-1/2